Presidents Of Iran - Statistics

General Stats
  • This quiz has been taken 19 times
  • The average score is 5 of 7
Answer Stats
Period Years President Party % Correct
2nd Constitution 1989-1997 Akbar Hashemi Rafsanjani Combatant Clergy Association
81%
2nd Constitution 2013- Hassan Rouhani Moderation and Development Party
81%
2nd Constitution 2005-2013 Mahmoud Ahmadinejad Alliance of Builders of Islamic Iran
81%
1st Constitution 1981-1989 Ali Khamenei Islamic Republican Party
63%
2nd Constitution 1997-2005 Mohammad Khatami Association of Combatant Clerics
63%
1st Constitution 1980-1981 Abolhassan Banisadr Independent
56%
1st Constitution 1981 Mohammad-Ali Rajai Islamic Republican Party
50%
No matching quizzes found
Score Distribution
Percent of People with Each Score
Percentile by Number Answered
Your Score History
You have not taken this quiz